| 000 | 00550nam a2200193Ia 4500 | ||
|---|---|---|---|
| 003 | OSt | ||
| 005 | 20250123144044.0 | ||
| 008 | 210716s1961 xx 000 0 und d | ||
| 040 | _cAIMIT LIBRARY | ||
| 041 | _aeng | ||
| 082 |
_a808.83 _21 _bSERR |
||
| 100 |
_aSerling, Rod. _9194934 |
||
| 245 |
_aMore stories from the twilight zone / _cBy Rod Serling. |
||
| 250 | _a1st ed. | ||
| 260 |
_aNew York : _bBantam books ; _c1961. |
||
| 300 |
_a149p. ; _bPB _c18 cm. |
||
| 650 |
_aA thing about machines _9194935 |
||
| 942 |
_2ddc _cBK _e1st ed. _k808.83 SERR |
||
| 999 |
_c200255 _d200255 |
||